Southville International School and Colleges
Your cart is empty.
  • Cart
  • Lists
    Public lists Eva Luna New books Lux_list list_1
    Your lists Log in to create your own lists
  • Log in to your account
  • Your cookies
  • Search history
Southville International School and Colleges
  • Advanced search
  • Recent comments
  • Most popular
  • Libraries

Log in to your account

Log in with GOOGLE


If you do not have an external account, but do have a local account, you can still log in:

  1. Home
  2. MARC view: Read to your bunny /
Normal view MARC view ISBD view

Read to your bunny / (Record no. 111813)

[ view plain ]
MARC details
000 -LEADER
fixed length control field 00462nam a2200181 a 4500
001 - CONTROL NUMBER
control field 0285
005 - DATE AND TIME OF LATEST TRANSACTION
control field 20140414131922.0
008 - FIXED-LENGTH DATA ELEMENTS--GENERAL INFORMATION
fixed length control field 040909s19uu xx 00 eng d
020 ## - INTERNATIONAL STANDARD BOOK NUMBER
International Standard Book Number 0-590-12987-2
050 ## - LIBRARY OF CONGRESS CALL NUMBER
Classification number ER
Item number R22 1997
100 ## - MAIN ENTRY--PERSONAL NAME
Personal name Wells, Rosemary
245 ## - TITLE STATEMENT
Title Read to your bunny /
Statement of responsibility, etc Rosemary Wells.
260 ## - PUBLICATION, DISTRIBUTION, ETC. (IMPRINT)
Place of publication, distribution, etc New York :
Name of publisher, distributor, etc Scholastic,
Date of publication, distribution, etc 1997.
300 ## - PHYSICAL DESCRIPTION
Extent 1 v.p. : ill. ; cm.
650 ## - SUBJECT ADDED ENTRY--TOPICAL TERM
Topical term or geographic name as entry element Reading
General subdivision Fiction.
Holdings
Withdrawn status Lost status Damaged status Use restrictions Home library Current library Shelving location Date acquired Source of acquisition Total Checkouts Full call number Barcode Date last seen Price effective from Koha item type
        Munich Library Munich Library Easy Reading Section 09/09/2004     ER R22 1997 M2715 04/14/2014 04/14/2014 Books
        Munich Library Munich Library Easy Reading Section 10/27/2010     ER R22 1997 M3080 04/14/2014 04/14/2014 Books

Read to your bunny /

APA

Wells R., . (1997). Read to your bunny. New York: Scholastic.

Chicago

Wells Rosemary, . 1997. Read to your bunny. New York: Scholastic.

Harvard

Wells R., . (1997). Read to your bunny. New York: Scholastic.

MLA

Wells Rosemary, . Read to your bunny. New York: Scholastic. 1997.

  • Place hold
  • Print
  • Cite
  • Add to your cart (remove)
  • Save record
    BIBTEX Dublin Core MARCXML MARC (non-Unicode/MARC-8) MARC (Unicode/UTF-8) MARC (Unicode/UTF-8, Standard) MODS (XML) RIS
  • More searches
    Search for this title in:
    Other Libraries (WorldCat) Other Databases (Google Scholar) Online Stores (Bookfinder.com) Open Library (openlibrary.org)

Exporting to Dublin Core...

SOUTHVILLE LIBRARY

Southville International School and Colleges Library

1281 Tropical Ave. Cor. Luxembourg St., BF Homes International, Las Pinas City

Tel. No. 8256374 / 252358 Loc. 117/146

Powered by Koha